| Tag |
First Indicator |
Second Indicator |
Subfields |
| LEADER |
00000cam a2200000 4500 |
| 001 |
in00000033763 |
| 005 |
20151007063310.0 |
| 008 |
751224s1913 nyu 00000 eng d |
| 035 |
|
|
|a (OCoLC)01904033
|
| 035 |
|
|
|9 AAD7046AM
|
| 040 |
|
|
|a OCU
|c FWA
|d FWA
|d TXA
|d UtOrBLW
|
| 049 |
|
|
|a TXAM
|c [336718]
|
| 090 |
|
|
|a PR5042
|b .I5
|
| 092 |
|
|
|a 809
|b M822i, 1913
|
| 100 |
1 |
|
|a Moore, George,
|d 1852-1933.
|
| 245 |
1 |
0 |
|a Impressions and opinions.
|
| 250 |
|
|
|a [Rev. ed.].
|
| 264 |
|
1 |
|a New York :
|b Brentano's,
|c [1913]
|
| 300 |
|
|
|a 247 pages
|
| 336 |
|
|
|a text
|b txt
|2 rdacontent
|
| 337 |
|
|
|a unmediated
|b n
|2 rdamedia
|
| 338 |
|
|
|a volume
|b nc
|2 rdacarrier
|
| 650 |
|
0 |
|a Literature
|x History and criticism.
|
| 999 |
|
|
|a MARS
|
| 999 |
f |
f |
|s 645e9fc4-5f33-33d9-8c23-2d7dd789d028
|i 138675e4-8678-3a10-97ab-b1bd0665c16f
|t 0
|
| 952 |
f |
f |
|p ric
|a Texas A&M University
|b Rellis Campus
|c Joint Library Facility
|d Remote Storage
|t 0
|e PR5042 .I5
|h Library of Congress classification
|i unmediated -- volume
|m A14801205383
|
| 998 |
f |
f |
|a PR5042 .I5
|t 0
|l Remote Storage
|